Zdaňování výnosu z prodeje cenných papírů v České republice a ve vybraných zemích Evropské unie
Optimalizácia portfólia investorov. Zdaňovanie výnosov z predaja cenných papierov. Celková čistá anualizovaná výnosnosť. Časový rámec (time frame).
Gespeichert in:
| 1. Verfasser: | |
|---|---|
| Format: | Buchkapitel |
| Sprache: | Tschechisch |
| Schlagworte: | |
| Tags: |
Keine Tags, Fügen Sie das erste Tag hinzu!
|
MARC
| LEADER | 00000naa a2200000 4500 | ||
|---|---|---|---|
| 001 | 0204689 | ||
| 005 | 20230918095916.9 | ||
| 041 | 0 | |a cze | |
| 044 | |a SK | ||
| 245 | 1 | 0 | |a Zdaňování výnosu z prodeje cenných papírů v České republice a ve vybraných zemích Evropské unie |c Peter Ondrčka |
| 520 | |a Optimalizácia portfólia investorov. Zdaňovanie výnosov z predaja cenných papierov. Celková čistá anualizovaná výnosnosť. Časový rámec (time frame). | ||
| 610 | 2 | 0 | |a portfólio |
| 610 | 2 | 0 | |a papiere cenné |
| 610 | 2 | 0 | |a investori |
| 610 | 2 | 0 | |a trh akciový |
| 610 | 2 | 0 | |a Česko |
| 100 | 1 | |a Ondrčka, Peter | |